Normal view
MARC view
- Hira Asgher
Entry Personal Name
001 - CONTROL NUMBER
- control field: 100835
003 - CONTROL NUMBER IDENTIFIER
- control field: NUST
005 - DATE AND TIME OF LATEST TRANSACTION
- control field: 20221019144925.0
008 - FIXED-LENGTH DATA ELEMENTS
- fixed length control field: 221019|| aca||aabn | a|a d
040 ## - CATALOGING SOURCE
- Original cataloging agency: NUST
- Transcribing agency: NUST
100 ## - HEADING--PERSONAL NAME
- Personal name: Hira Asgher
670 ## - SOURCE DATA FOUND
- Source citation: Work cat.: (NUST)12265: Hira Asgher, A deliberately insecure j2ee semantic web application framework: Injection attacks and defenses mechanisms for web 3.0, 2013
